Adele Discography - Statistics

General Stats
  • This quiz has been taken 152 times
    117 since last reset
  • The average score is 4 of 7
Answer Stats
Year Name Type % Correct
2008 19 Album
99%
2015 25 Album
98%
2011 21 Album
97%
2021 30 Album
97%
2011 Live at the Royal Albert Hall Live Album
16%
2011 iTunes Festival: London 2011 EP
15%
2009 iTunes Live from SoHo EP
11%
No matching quizzes found
Score Distribution
Percent of People with Each Score
Percentile by Number Answered
Your Score History
You have not taken this quiz since the last reset